Quantitative atlas of infrared stratospheric transmission in the 2-7 micron region (Record no. 3315)
[ view plain ]
| 000 -LEADER | |
|---|---|
| fixed length control field | 00799nam a2200229Ia 4500 |
| 003 - CONTROL NUMBER IDENTIFIER | |
| control field | IN-BaIIA |
| 008 - FIXED-LENGTH DATA ELEMENTS--GENERAL INFORMATION | |
| fixed length control field | 211028s9999 xx 000 0 eng d |
| 040 ## - CATALOGING SOURCE | |
| Transcribing agency | IIA Library |
| 080 ## - UNIVERSAL DECIMAL CLASSIFICATION NUMBER | |
| Universal Decimal Classification number | 084.4:523.31 |
| Item number | CUM |
| 100 ## - MAIN ENTRY--PERSONAL NAME | |
| Personal name | Cumming, C. |
| 9 (RLIN) | 5897 |
| 245 #0 - TITLE STATEMENT | |
| Title | Quantitative atlas of infrared stratospheric transmission in the 2-7 micron region |
| Statement of responsibility, etc. | C. Cumming…[et al.] |
| 260 ## - PUBLICATION, DISTRIBUTION, ETC. | |
| Place of publication, distribution, etc. | Canada |
| Name of publisher, distributor, etc. | Canadian Armament Research and Development Establishment |
| Date of publication, distribution, etc. | 1965 |
| 300 ## - PHYSICAL DESCRIPTION | |
| Extent | 34p. |
| 490 ## - SERIES STATEMENT | |
| Series statement | Carde technical report; 546/65 |
| 650 ## - SUBJECT ADDED ENTRY--TOPICAL TERM | |
| Topical term or geographic name entry element | Astronomy and Astrophysics Thesaurus |
| 650 ## - SUBJECT ADDED ENTRY--TOPICAL TERM | |
| Topical term or geographic name entry element | Atlas |
| 650 ## - SUBJECT ADDED ENTRY--TOPICAL TERM | |
| Topical term or geographic name entry element | Solar Terrestrial |
| 9 (RLIN) | 5898 |
| 700 ## - ADDED ENTRY--PERSONAL NAME | |
| Personal name | Mckinnon, D. J. G. |
| 9 (RLIN) | 5899 |
| 700 ## - ADDED ENTRY--PERSONAL NAME | |
| Personal name | Rollins, J. |
| 9 (RLIN) | 5900 |
| 700 ## - ADDED ENTRY--PERSONAL NAME | |
| Personal name | Stephenson, W. R. |
| 9 (RLIN) | 5901 |
| 942 ## - ADDED ENTRY ELEMENTS (KOHA) | |
| Koha item type | Books |
| Withdrawn status | Lost status | Source of classification or shelving scheme | Damaged status | Not for loan | Home library | Current library | Shelving location | Date acquired | Total Checkouts | Full call number | Barcode | Date last seen | Price effective from | Koha item type | Purchase Price |
|---|---|---|---|---|---|---|---|---|---|---|---|---|---|---|---|
| Dewey Decimal Classification | IIA Library-Bangalore | IIA Library-Kodaikanal | General Stacks | 22/10/1969 | 084.4:523.31/ CUM | 3681 | 05/11/2021 | 22/10/1969 | Books | Free |